000
00206nam a22000857a 4500
020
_a
9772455915000
082
_a
K050
245
_a
NATIONAL GEOGRAPHIC KIDS 9 ANIMALS THAT CHANGED THE WORLD MAY 2019
942
_c
BK
999
_c
5580
_d
5580